000 00264nam a22001217a 4500
008 170424b xxu||||| |||| 00| 0 eng d
041 _aeng
080 _a54
100 _a12
101 _aSHM
245 _aLANGES HANDBOOK CHEMISTRY
_cLANGE.N.A
942 _2udc
_cBK
999 _c11718
_d11718